Povinnosti zamestnávateľa pri zamestnávaní občanov so zdravotným postihnutím

Bibliographic Details
Main Author: Ďurecová, Mária (Author)
Format: Article
Language:Slovak
ISSN:1335-7034
Subjects:

MARC

LEADER 00000nab a2200000 a 4500
001 vtls000885599
003 SK-MaSNL
005 20260305041941.0
008 250429c2004 xo 0 slo
015 |a SNBRB2004/09-27409 
035 |a CLN000237039 
035 |a urn:nbn:sk:snk-ab73uk 
035 |a (uuid)f32c6f28-44f0-4a4d-bfcc-2a6252e7af5a 
035 |a (urnnbn)urn:nbn:sk:snk:ar-a06sbq 
035 |a (sysno)vtls000885599 
040 |a SNKBUCL  |b slo  |c SNKBUCL  |e AACR2 
041 0 |a slo 
044 |a xo  |c SK 
080 |a 331.108.3-056.26  |2 2001 
100 1 |a Ďurecová, Mária  |4 aut  |9 849158 
245 1 0 |a Povinnosti zamestnávateľa pri zamestnávaní občanov so zdravotným postihnutím  |c Mária Ďurecová 
650 0 7 |a zdravotne postihnuté osoby  |2 snkbucl  |9 1249 
650 0 7 |a zamestnávanie  |2 snkbucl  |9 838602 
650 0 7 |a povinnosti zamestnávateľa  |2 snkbucl  |9 867569 
655 7 |a články z novín a časopisov  |2 snkbucl  |9 267496 
773 0 |t Dane a účtovníctvo v praxi  |g Roč. 9, č. 5 (2004), s. 55-57  |x 1335-7034 
850 |a Slovenská národná knižnica 
852 |a Slovenská národná knižnica 
954 |a odborná, vedecká literatúra pôvodná (slovenská)  |2 lita 
958 |a article27 
958 |a OND 
958 |a EUIPO 
992 |a RBX 
999 |c 3345612  |d 3347542